South Wales or New South Wales? - Statistics

General Stats
  • This quiz has been taken 124 times
  • The average score is 6 of 13
Answer Stats
Question Answer % Correct
Has the higher population New South Wales
79%
Has native pony breeds South Wales
71%
Has its own police force both
63%
Highest peak New South Wales
58%
Has its own government New South Wales
58%
Has a coal mining industry both
50%
Has natural snow skiing resorts New South Wales
50%
Was formerly a principality South Wales
38%
Has a steel industry both
33%
About one third of the land is national park South Wales
29%
Has venomous snakes both
21%
Has prehistoric rock paintings both
21%
The childhood home of Australian Prime Minister Billy Hughes neither
8%
No matching quizzes found
Score Distribution
Percent of People with Each Score
Percentile by Number Answered
Your Score History
You have not taken this quiz